|
|
|
|
| LEADER |
01850nam a2200301 a 4500 |
| 001 |
17726 |
| 003 |
BD-DhAAL |
| 008 |
090331s2009 njua b 001 0 eng d |
| 010 |
|
|
|a 2004029595
|
| 020 |
|
|
|a 9788120335707
|
| 040 |
|
|
|a DLC
|c DLC
|d DLC
|d BD-DhAAL
|
| 082 |
0 |
0 |
|a 658.8
|2 22
|
| 100 |
1 |
|
|a Kotler, Philip.
|9 41191
|
| 245 |
1 |
0 |
|a Marketing management /
|c Philip Kotler, Kevin Keller.
|
| 250 |
|
|
|a Thirteen edition
|
| 260 |
|
|
|a New Delhi :
|b Prentice Hall of India Private Limited,
|c c2009.
|
| 300 |
|
|
|a xxxviii, 662 [124] pages :
|b color illustrations ;
|c 28 cm.
|
| 504 |
|
|
|a Includes bibliographical references and index.
|
| 526 |
|
|
|a BBS
|x Suntu Kumar Ghosh,
Faculty member of BRAC University
Course no. : MKT 301
|
| 541 |
1 |
|
|e 17726, 17728, 17729
|a SMART Books
|
| 650 |
|
0 |
|a Marketing
|x Management.
|9 41192
|
| 700 |
1 |
|
|a Keller, Kevin Lane,
|d 1956-
|9 41193
|
| 852 |
|
|
|a Ayesha Abed Library
|c General Stacks
|
| 942 |
0 |
0 |
|0 6
|2 ddc
|c BK
|
| 999 |
|
|
|c 54
|d 54
|
| 952 |
|
|
|0 0
|1 4
|2 ddc
|4 0
|6 658_800000000000000_KOT
|7 0
|9 48
|a BRACUL
|b BRACUL
|c GEN
|d 2009-04-28
|e SMART BOOKS
|g 880.00
|l 0
|o 658.8 KOT
|p 3010017726
|r 2019-04-03
|t 1
|w 2009-04-28
|y BK
|z Latest edition was purchased
|x Koha Inventory 2020 ; Requisitioned by Suntu Kumar Ghosh, Faculty member of BRAC University for the course no. MKT 301.
|
| 952 |
|
|
|0 0
|1 0
|2 ddc
|4 0
|6 658_800000000000000_KOT
|7 0
|9 8660
|a BRACUL
|b BRACUL
|c GEN
|d 2010-03-18
|e SMART BOOKS
|g 880.00
|l 51
|m 157
|o 658.8 KOT
|p 3010017728
|r 2024-01-22
|s 2023-12-28
|t 2
|w 2010-03-18
|y BK
|x Requisitioned by Suntu Kumar Ghosh, Faculty member of BRAC University for the course no. MKT 301.
|
| 952 |
|
|
|0 0
|1 0
|2 ddc
|4 0
|6 658_800000000000000_KOT
|7 0
|9 8739
|a BRACUL
|b BRACUL
|c CIR
|d 2010-03-23
|e SMART BOOKS
|g 880.00
|l 32
|m 92
|o 658.8 KOT
|p 3010017729
|r 2024-02-05
|s 2024-02-05
|t 3
|w 2010-03-23
|y 1HOUR
|x Requisitioned by Suntu Kumar Ghosh, Faculty member of BRAC University for the course no. MKT 301.
|